000 01051nam a22002057a 4500
005 20211104163643.0
008 211104b ||||| |||| 00| 0 eng d
020 _a1850431051
040 _cAl
041 _aEng
082 _223
_a337.09172
_bHADN
100 _aKofi Buenor Hadjor
_99736
245 _aNew perspectives in North-South dialogue
_bEssays in honour of Olof Palme
260 _aLondon
_b I.B.Tauris & Co Ltd.
_c1988
300 _axxii,343p.
_bHB
_c24x16cm.
520 _aThese essays, inspired by Olof Palme's vision, represent the first serious recent attempt to revive North-South debate. Distinguished politicians and academics from both North and South, pay tribute to Palme's memory by reassessing and developing his ideas and offering some new and far-reaching conclusions. The result is a highly stimulating survey of the current international political order, with a strategy for change and a call to action.
650 _aInternational economic relations
_99737
700 _aHADJOR (Kofi Buenor)
_99738
942 _2ddc
_cGF
999 _c220402
_d220402